000 00454nam a2200169Ia 4500
005 20250603145655.0
008 250603s9999 xx 000 0 und d
020 _a9784893051
050 _aHC 1055 .R48/
245 0 _aReview of Nigerian political economy
260 _aAbuja
260 _bThe Department of Political Science and International Relations, University of Abuja
260 _c2011
300 _a187 p
650 _aAbuja
942 _cBK
999 _c42522
_d42522